000 00878cam a2200241 a 4500
999 _c4069
_d4069
003 OSt
005 20220317112731.0
008 811211s1980 ja a b 101 0 eng
020 _aALUPE UNIVERSITY COLLEGE
040 _cDLC
050 0 0 _aQP671.F5
_bI57 1978
111 2 _n(6th :
_d1978 :
245 1 0 _aFlavins and flavoproteins :
_bproceedings of the 6th International Symposium on Flavins and Flavoproteins /
_cedited by Kunio Yagi and Toshio Yamano.
260 _aTokyo :
_bJapan Scientific Societies Press ;
_aBaltimore :
_bUniversity Park Press,
_cc1980.
300 _axvi, 740 p. :
_bill. ;
_c27 cm.
504 _aIncludes bibliographical references and index.
650 0 _aFlavins
_xCongresses.
650 0 _aFlavoproteins
_xCongresses.
700 1 _aYagi, Kunio.
700 1 _aYamano, Toshio.
906 _a7
_bcbc
_corignew
_d4
_encip
_f19
_gy-gencatlg
942 _2lcc
_cBK